000 00477nam a2200181Ia 4500
005 20230704084511.0
008 131103s9999 xx 000 0 und d
040 _aLoreto College
041 _aEnglish
082 _a944.04
_bGER
100 _aGershoy,Leo
245 4 _aThe French Revolution and Napoleon
_cLeo Gershoy
260 _aAllahabad
_bCentral Book Depot
_cc1973
300 _a374p
650 _aHistory-Europe-French revolution
850 _aLCLIB
942 _cBK
999 _c36019
_d86498